|
|
|
|
| LEADER |
00000cam a2200000 a 4500 |
| 001 |
vtls010285204 |
| 003 |
SK-MaSNL |
| 005 |
20260425223129.0 |
| 008 |
240315s2011 xo dol f 000 0 slo |
| 015 |
|
|
|a SNBA2011/09-04796
|
| 020 |
|
|
|a 9788055205588
|q (brož.)
|
| 035 |
|
|
|a 7C7B5018-003E-4CDF-9C8B-19E7798E7961
|
| 035 |
|
|
|a urn:nbn:sk:snk-amji2w
|
| 035 |
|
|
|a urn:nbn:sk:snk-am001ymi
|
| 040 |
|
|
|a SNK
|b slo
|c SNK
|e AACR2
|
| 041 |
0 |
|
|a slo
|b eng
|b slo
|
| 043 |
|
|
|a e-xo---
|
| 044 |
|
|
|a xo
|c SK
|
| 072 |
|
7 |
|a 575
|x Všeobecná genetika. Všeobecná cytogenetika. Evolúcia
|2 konspekt
|
| 080 |
|
|
|a 575
|2 2001
|
| 080 |
|
|
|a 636.1
|2 2001
|
| 080 |
|
|
|a 636.05
|2 2001
|
| 080 |
|
|
|a (437.6)
|2 2001
|
| 080 |
|
|
|a (048.8)
|2 2001
|
| 080 |
|
|
|a 591.15
|2 2001
|
| 100 |
1 |
|
|a Pjontek, Jozef
|4 aut
|9 328010
|
| 245 |
1 |
0 |
|a Diverzita plemien koní na Slovensku
|c Jozef Pjontek, Ondrej Kadlečík, Radovan Kasarda
|
| 250 |
|
|
|a 1. vyd.
|
| 260 |
|
|
|a Nitra
|b Slovenská poľnohospodárska univerzita
|c 2011
|
| 300 |
|
|
|a 95 s.
|b grafy, sch., tab.
|c 24 cm
|
| 366 |
|
|
|e 50 výt.
|
| 504 |
|
|
|a Bibliogr. s. 69-77
|
| 546 |
|
|
|a Slov. a angl. res.
|
| 650 |
0 |
7 |
|a genetika
|2 SNKPH
|9 698
|
| 650 |
0 |
7 |
|a genetika živočíchov
|2 SNKPH
|9 67790
|
| 650 |
0 |
7 |
|a kone
|2 SNKPH
|9 2809
|
| 650 |
0 |
7 |
|a plemená zvierat
|2 SNKPH
|9 4381
|
| 650 |
0 |
7 |
|a Animal genetics
|2 SNKPHeng
|9 328011
|
| 650 |
0 |
7 |
|a Animal breeds
|2 SNKPHeng
|9 328012
|
| 650 |
0 |
7 |
|a Genetics
|2 SNKPHeng
|9 266276
|
| 650 |
0 |
7 |
|a Horses
|2 SNKPH
|9 270402
|
| 651 |
|
7 |
|a Slovensko
|2 SNKPH
|9 14231
|
| 651 |
|
7 |
|a Slovakia
|2 SNKPHeng
|9 92630
|
| 655 |
|
7 |
|a monografie
|2 SNKPH
|9 70139
|
| 655 |
|
7 |
|a Monographs
|2 SNKPHeng
|9 120675
|
| 700 |
1 |
|
|a Kadlečík, Ondrej,
|d 1948-
|4 aut
|9 113490
|
| 700 |
1 |
|
|a Kasarda, Radovan,
|d 1974-
|4 aut
|9 195297
|
| 852 |
|
|
|a Štátna vedecká knižnica v Banskej Bystrici
|
| 919 |
|
|
|a 978-80-552-0558-8
|
| 958 |
|
|
|a OND
|
| 958 |
|
|
|a NB
|
| 968 |
|
|
|d 63
|
| 999 |
|
|
|c 577391
|d 579321
|
| 952 |
|
|
|a SNK
|b SNK
|y PREZ
|7 0
|p 17A0704007
|o snkSC 145779
|i snk2011/13442
|8 0
|0 0
|1 0
|4 0
|d 2011-06-10
|l 0
|r 2025-07-15 00:00:00
|w 2026-02-23
|
| 952 |
|
|
|a SNK
|b SNK
|y VYP
|7 0
|p 17A0704008
|o snkSC 145779 D1
|i snk2011/13443
|8 0
|0 0
|1 0
|4 0
|d 2011-06-10
|f 1
|l 0
|r 2026-02-23 14:38:07
|w 2026-02-23
|